Biologické účinky extraktu z Kakaovníka pravého (Theobroma cacao L.) diplomová práca

Gespeichert in:
Bibliographische Detailangaben
1. Verfasser: Lopatková, Tatiana
Format: Buch
Sprache:Slowakisch
Veröffentlicht: Bratislava STU FCHPT 2019
Online-Zugang:Im OPAC anzeigen
Tags: Tag hinzufügen
Keine Tags, Fügen Sie das erste Tag hinzu!

MARC

LEADER 00000nam a2200000 a 4500
005 20260127134237.0
008 190612 2019 xo a 001 0 slo d
035 |a vtls011870826 
039 9 |y 201906120959  |z mschk03 
040 |a STUSCHK1  |b slo  |c STUSCHK1  |e AACR2 
100 1 |a Lopatková, Tatiana 
245 1 |a Biologické účinky extraktu z Kakaovníka pravého (Theobroma cacao L.)  |b diplomová práca  |c Tatiana Lopatková 
260 |a Bratislava  |b STU FCHPT  |c 2019 
300 |a 59 s.  |b Obr., tab.  |c 25 cm 
500 |a Študijný program: výživa a hodnotenie kvality potravín 
500 |a Študijný odbor: potravinárstvo 
500 |a Školiace pracovisko: Oddelenie výživy a hodnotenia kvality potravín 
500 |a Evid. číslo: FCHPT-104540-76199 
910 |a SCHK95 
999 |c 7657  |d 7657